កូនចាំផ្ទះតែម្នាក់ឯង : (Record no. 8511)
[ view plain ]
| 000 -LEADER | |
|---|---|
| fixed length control field | 02188nam a22003257a 4500 |
| 001 - CONTROL NUMBER | |
| control field | 8511 |
| 003 - CONTROL NUMBER IDENTIFIER | |
| control field | FISKH |
| 005 - DATE AND TIME OF LATEST TRANSACTION | |
| control field | 20250916163836.0 |
| 008 - FIXED-LENGTH DATA ELEMENTS--GENERAL INFORMATION | |
| fixed length control field | 250916b cb ||||| |||| 00| 0 eng d |
| 020 ## - INTERNATIONAL STANDARD BOOK NUMBER | |
| International Standard Book Number | 9789996301223 |
| 040 ## - CATALOGING SOURCE | |
| Original cataloging agency | FISKH |
| Language of cataloging | khr |
| Transcribing agency | FISKH |
| Modifying agency | FISKH |
| 050 ## - LIBRARY OF CONGRESS CALL NUMBER | |
| Classification number | PZ7 |
| 082 ## - DEWEY DECIMAL CLASSIFICATION NUMBER | |
| Classification number | 800 |
| 100 ## - MAIN ENTRY--PERSONAL NAME | |
| Personal name | Seap, Kol |
| 245 ## - TITLE STATEMENT | |
| Title | កូនចាំផ្ទះតែម្នាក់ឯង : |
| Remainder of title | Son stays at home alone / |
| Statement of responsibility, etc. | និពន្ធដោយ អ្នកស្រី កុល សៀប |
| 250 ## - EDITION STATEMENT | |
| Edition statement | ចេញផ្សាយខែមេសា ឆ្នាំ២០១០ |
| 260 ## - PUBLICATION, DISTRIBUTION, ETC. | |
| Place of publication, distribution, etc. | Phnom Penh : |
| Name of publisher, distributor, etc. | Reading Books , |
| Date of publication, distribution, etc. | 2010. |
| 300 ## - PHYSICAL DESCRIPTION | |
| Extent | 24 pages : |
| Other physical details | color illustrations ; |
| Dimensions | 25 cm . |
| 490 ## - SERIES STATEMENT | |
| Series statement | ពិភពរឿងនិទាន |
| 505 ## - FORMATTED CONTENTS NOTE | |
| Formatted contents note | K <br/> |
| 520 ## - SUMMARY, ETC. | |
| Summary, etc. | រឿងនិទាន “កូនប្រុសស្នាក់នៅផ្ទះម្នាក់ឯង” មានបំណងបង្ហាត់ឲ្យកុមារជាអ្នកក្លាហាន និងខិតខំប្រឹងប្រែង។ បន្ថែមពីនេះទៅទៀត រឿងនិទាននេះ ក៏ជួយឲ្យកុមារមានការប្តេជ្ញាចិត្តខ្ពស់ និងមានភាពឆ្លាតវៃក្នុងការធ្វើសេចក្ដីសម្រេច ដើម្បីដោះស្រាយបញ្ហាណាដែលពួកគេប្រឈមខណៈពេលស្នាក់នៅម្នាក់ឯង។ |
| 520 ## - SUMMARY, ETC. | |
| Summary, etc. | The tale, "Son stays at home alone , "is intended to educate children to be brave and industrious. The tale, in addition, help children to be more committed and smart in making decision to deal with any problems they encounter when being left alone. |
| 521 8# - TARGET AUDIENCE NOTE | |
| Target audience note | 510 <br/> |
| Source | Lexile estimate <br/> |
| 521 8# - TARGET AUDIENCE NOTE | |
| Target audience note | K <br/> |
| Source | Raz-Plus <br/><br/> |
| 650 ## - SUBJECT ADDED ENTRY--TOPICAL TERM | |
| Topical term or geographic name entry element | កូនចាំផ្ទះតែម្នាក់ឯង |
| Form subdivision | រឿងនិទានកុមារ |
| 650 ## - SUBJECT ADDED ENTRY--TOPICAL TERM | |
| Topical term or geographic name entry element | Son stays at home alone |
| Form subdivision | Children's story |
| 700 ## - ADDED ENTRY--PERSONAL NAME | |
| Personal name | Bunthorn, Theak |
| Relator term | Illustrator |
| 942 ## - ADDED ENTRY ELEMENTS (KOHA) | |
| Source of classification or shelving scheme | Dewey Decimal Classification |
| Koha item type | Books |
| Suppress in OPAC | No |
| Withdrawn status | Lost status | Source of classification or shelving scheme | Damaged status | Not for loan | Collection | Home library | Current library | Shelving location | Date acquired | Total Checkouts | Full call number | Barcode | Date last seen | Copy number | Price effective from | Koha item type |
|---|---|---|---|---|---|---|---|---|---|---|---|---|---|---|---|---|
| Dewey Decimal Classification | Khmer-English Bilingual / ភាសាខ្មែរ-អង់គ្លេស | Footprints International School Library Network Toul Tom Poung Campus | Footprints International School Library Network Toul Tom Poung Campus | TTP Primary Khmer Bookshelves | 09/16/2025 | SEA PZ7 800 | FISBK03807 | 09/16/2025 | 1 | 09/16/2025 | Khmer Books | |||||
| Dewey Decimal Classification | Khmer-English Bilingual / ភាសាខ្មែរ-អង់គ្លេស | Footprints International School Library Network Toul Tom Poung Campus | Footprints International School Library Network Toul Tom Poung Campus | TTP Primary Khmer Bookshelves | 10/03/2025 | SEA PZ7 800 | FIS04493 | 10/03/2025 | 2 | 10/03/2025 | Khmer Books | |||||
| Dewey Decimal Classification | Khmer-English Bilingual / ភាសាខ្មែរ-អង់គ្លេស | Footprints International School Library Network Toul Tom Poung Campus | Footprints International School Library Network Toul Tom Poung Campus | TTP Primary Khmer Bookshelves | 11/11/2025 | SEA PZ7 800 | FIS04595 | 11/11/2025 | 3 | 11/11/2025 | Khmer Books | |||||
| Dewey Decimal Classification | Khmer-English Bilingual / ភាសាខ្មែរ-អង់គ្លេស | Footprints International School Library Network Toul Tom Poung Campus | Footprints International School Library Network Toul Tom Poung Campus | TTP Primary Khmer Bookshelves | 11/21/2025 | SEA PZ7 800 | 2025-4865 | 11/21/2025 | 4 | 11/21/2025 | Khmer Books |
